| 000 | 00559nam a2200157 i 4500 | ||
|---|---|---|---|
| 001 | 52470 | ||
| 003 | ES-MaACL | ||
| 005 | 20230906162604.0 | ||
| 007 | t| | ||
| 008 | 030829s1950 fr ||||1| fre d | ||
| 100 | 1 |
_aDavid, René. _942884 |
|
| 245 | 1 | 0 |
_aTraité élementaire de droit civil comparé _b: introduction a l'étude des droits etrangeres et á la methode comparative / _cpar René Davis. |
| 260 |
_aPairs : _bR. Pichon et R. Durand-Auzias, _c1950 ( _eEvreux : _fL. Bauche) |
||
| 300 |
_aVI, 556 p. ; _c23 cm. |
||
| 852 |
_aES-MaACL _jD-7388 _bR.31312 |
||
| 999 |
_c52470 _d52470 |
||